| 000 | 01088nmc a2200337 a 4500 | ||
|---|---|---|---|
| 003 | AR-BaBNM | ||
| 005 | 20251128210718.0 | ||
| 008 | 191020s1999 ||||||||||||||000 | spa|| | ||
| 020 | _a950-701-553-1 | ||
| 040 | _cAR-BaBNM | ||
| 100 | 1 | _aJohnson, David W. | |
| 245 | 1 | 0 |
_aLos nuevos círculos del aprendizaje _bla cooperación en el aula y la escuela |
| 250 | _a1ª ed. | ||
| 260 |
_aBuenos Aires _bAique _c1999 |
||
| 300 | 0 |
_a134 p. _btablas, gráfs. |
|
| 490 | 0 | _aTransformación | |
| 500 | 1 | _aEjemplar no. 125245: Tirada especial para la Red Federal de Formación Docente Continua, Ministerio de Cultura y Educación de la Nación | |
| 504 | _aContiene referencias bibliográficas | ||
| 650 | 4 | _aPROCESO DE APRENDIZAJE | |
| 650 | 4 | _aINTERACCION SOCIAL | |
| 650 | 4 | _aCONOCIMIENTO | |
| 650 | 4 | _aORGANIZACION DEL CURSO | |
| 650 | 4 | _aMETODOS DE ENSENANZA | |
| 650 | 4 | _aENSENANZA EN GRUPO | |
| 650 | 4 | _aROL DEL DOCENTE | |
| 653 | _aAPRENDIZAJE COOPERATIVO | ||
| 700 | 1 | _aJohnson, Roger T. | |
| 700 | 1 | _aHolubec, Edythe Johnson | |
| 942 | _cBK | ||
| 998 | _cRAQUEL | ||
| 999 |
_c16563 _d16563 |
||